000 01624cam a2200385 i 4500
001 zz2003984364
003 NUKAT
005 20260428233720.0
008 030929s1938 pl a |000 0 pol c
035 _a(OCoLC)749307565
035 _a(NUKAT)zz2003984364
040 _aTOR U/MS
_bpol
_erda
_cTOR U/MS
_dTOR U/AP
_dTOR U/ITRs
_dWR O/PC
_dOLSZT 008/AL
099 _ahh_348230
100 1 _aSobieski, Wacław
_d(1872-1935).
_eAutor
_91298
240 1 0 _aDzieje Polski.
_nT. 3,
_pDzieje ostatnich dwu pokoleń
_l(pol.)
245 1 0 _aDzieje Polski.
_nT. 3,
_p1864-1938 /
_cWacław Sobieski ; przejrzał i uzupełnił Stanisław Kozicki.
250 _aWydanie drugie - pośmiertne.
260 _aWarszawa :
_bWydawnictwo Zorza :
_bnakład i własność Jana Załuski,
_c1938
_e(Łomża :
_fDrukarnia Diecezjalna).
300 _a308, III, [1] strona, [2] karty tablic :
_bilustracje, errata ;
_c20 cm.
336 _aTekst
_btxt
_2rdacontent
337 _aBez urządzenia pośredniczącego
_bn
_2rdamedia
338 _aWolumin
_bnc
_2rdacarrier
380 _aKsiążki
500 _aNa stronie 308 data ukończenia druku: 25 listopada 1938 r.
648 7 _a1801-1900
_2DBN
_936037
648 7 _a1901-2000
_2DBN
_934996
651 7 _aPolska
_2DBN
_935076
651 7 _aPolska
_y1918-1939 (II Rzeczpospolita).
_2kaba
_91394
651 7 _aPolska
_y1864-1918 (Okres popowstaniowy).
_2kaba
_935518
658 _aHistoria
700 1 _aKozicki, Stanisław
_d(1876-1958).
_eOpracowanie
_910023
700 1 _aZałuska, Jan
_d(1873-1941).
_eNakładca
_918628
710 2 _aDrukarnia "Zorza" (Warszawa).
_eWydawca
_4pbl
_940841
942 _2ddc
_cBK_NM
999 _c27859
_d27859